000
00319nam a22001457a 4500
008
210225b ||||| |||| 00| 0 eng d
020
_a
9781121166943
041
_a
eng
080
_a
579
082
_a
579
100
_a
11
101
_a
MIK
245
_a
Microbilolgy Laboratory Manual
_c
Kempke, S
942
_2
udc
_c
BK
999
_c
55232
_d
55232